Kháng chiến văn hoá, văn hoá kháng chiến /

সংরক্ষণ করুন:
গ্রন্থ-পঞ্জীর বিবরন
সংস্থা লেখক: Tạp chí Văn hoá Thông tin.
বিন্যাস: প্রবন্ধ
ভাষা:Vietnamese
ট্যাগগুলো: ট্যাগ যুক্ত করুন
কোনো ট্যাগ নেই, প্রথমজন হিসাবে ট্যাগ করুন!
Thư viện lưu trữ: Thư viện Trường Đại học Đà Lạt
LEADER 00676nam a2200229 4500
001 DLU090072241
005 ##20090519
040 # # |a DLU  |b vie 
041 # # |a vie 
044 # # |a vn 
110 # # |a Tạp chí Văn hoá Thông tin. 
245 # # |a Kháng chiến văn hoá, văn hoá kháng chiến /  |c Tạp chí Văn hoá Thông tin. 
773 # # |t Văn hoá Nghệ thuật  |g Số 8, 1995, tr. 63-66 
920 # # |a Phòng Tạp chí -- Trung tâm Thông tin - Thư viện Trường Đại học Đà Lạt 
994 # # |a DLU 
900 # # |a True 
911 # # |a Đào Thị Thu Huyền 
925 # # |a G 
926 # # |a A 
927 # # |a BB 
980 # # |a Thư viện Trường Đại học Đà Lạt